000 00173nam a2200085 4500
001 1258367
005 20260310100805.0
245 _aBEYAZ DİŞ
_cJACK LONDON
260 _bPARILTI
999 _c1258367
_d1258367